LIBRARY ONLINE CATALOGUE

College physics : (Record no. 9006)

MARC details
000 -LEADER
fixed length control field 00826cam a22002412 4500
001 - CONTROL NUMBER
control field 0000019581
005 - DATE AND TIME OF LATEST TRANSACTION
control field 20151217152157.0
008 - FIXED-LENGTH DATA ELEMENTS--GENERAL INFORMATION
fixed length control field 110111s xx 000 0 eng d
020 ## - INTERNATIONAL STANDARD BOOK NUMBER
International Standard Book Number 0321689870 :
040 ## - CATALOGING SOURCE
Original cataloging agency KABU
Transcribing agency KABU
100 1# - MAIN ENTRY--PERSONAL NAME
Personal name Knight, Randall D.
-- 0000179469
245 10 - TITLE STATEMENT
Title College physics :
Remainder of title a strategic approach /
Statement of responsibility, etc. Randall D. Knight, Brian Jones, Stuart Field.
250 ## - EDITION STATEMENT
Edition statement 2nd ed.
260 ## - PUBLICATION, DISTRIBUTION, ETC. (IMPRINT)
Place of publication, distribution, etc. Boston :
Name of publisher, distributor, etc. Addison Wesley,
Date of publication, distribution, etc. 2010.
300 ## - PHYSICAL DESCRIPTION
Extent xxiv, 1027 p. +
Accompanying material 2 v. Student workbook.
650 #0 - SUBJECT ADDED ENTRY--TOPICAL TERM
Topical term or geographic name as entry element Physics.
-- 0000153778
700 1# - ADDED ENTRY--PERSONAL NAME
Personal name Jones, Brian.
-- 0000042171
700 1# - ADDED ENTRY--PERSONAL NAME
Personal name Field, Stuart.
-- 0000179470
852 1# - LOCATION
-- p5435 KES
852 1# - LOCATION
-- p5435 KES
908 ## - PUT COMMAND PARAMETER (RLIN)
Put command parameter 110111
950 ## - LOCAL HOLDINGS (RLIN)
-- 1
Holdings
Withdrawn status Lost status Source of classification or shelving scheme Not for loan Home library Current library Date acquired Total Checkouts Full call number Barcode Date last seen Price effective from Koha item type Date last checked out
    Library of Congress Classification   Kabarak, Main Campus Kabarak, Main Campus 17/12/2015   QC23.2 .K65 2010 v. 1 Suppl. c. 1 22914 17/12/2015 17/12/2015 General Collection  
    Library of Congress Classification   Kabarak, Main Campus Kabarak, Main Campus 17/12/2015   QC23.2 .K65 2010 v. 2 Suppl. c. 1 22909 17/12/2015 17/12/2015 General Collection  
    Library of Congress Classification   Kabarak, Main Campus Kabarak, Main Campus 17/12/2015 2 QC23.2 .K65 2010 c. 1 22910 11/07/2019 17/12/2015 General Collection 04/07/2019